00771nam a2200217Ia 4500003000900000008004100009020001800050040001600068080001700084245010200101260004600203300001500249650004100264650003100305650002500336650002300361700003600384942000700420999001500427952011100442IN-BaIIA211028s9999 xx 000 0 eng d a0-677-05530-7 cIIA Library a523.985bPRI 0aSolar flare magnetohydrodynamicscedited by Eric Ronald Priest  aNew YorkbGordon and Breach Sciencec1981 axii, 563p. aAstronomy and Astrophysics Thesaurus aMagnetohydrodynamics91666 aPlasma Physics93732 aSolar Flares94046 aPriest, Eric Ronald, ed.912336 cBK c7199d7199 00104070aBANbBANcGENd1982-10-18l1o523.985/ PRIp7999r2024-08-09s2023-07-20w1982-10-18yBKG89.5